| 000 | 01123nam a2200301 a 4500 | ||
|---|---|---|---|
| 001 | ebr10470256 | ||
| 003 | CaPaEBR | ||
| 006 | m u | ||
| 007 | cr cn||||||||| | ||
| 008 | 110607s2008 nyua s 000 0 eng d | ||
| 020 | _z9781568987514 | ||
| 040 |
_aCaPaEBR _cCaPaEBR |
||
| 035 | _a(OCoLC)769114386 | ||
| 050 | 1 | 4 |
_aNC997 _b.D47 2008eb |
| 245 | 0 | 0 |
_aDesigning audiences _h[electronic resource] / _cwith a foreword by Emma Presler. |
| 250 | _a1st ed. | ||
| 260 |
_aNew York, N.Y. : _bPrinceton Architectural Press, _c2008. |
||
| 300 |
_a106 p. : _bill. (some col.). |
||
| 490 | 0 |
_aFresh dialogue ; _v8 |
|
| 490 | 0 | _aNew voices in graphic design | |
| 533 |
_aElectronic reproduction. _bPalo Alto, Calif. : _cebrary, _d2011. _nAvailable via World Wide Web. _nAccess may be limited to ebrary affiliated libraries. |
||
| 650 | 0 | _aCommercial art. | |
| 650 | 0 | _aBook design. | |
| 655 | 7 |
_aElectronic books. _2local |
|
| 700 | 1 | _aPresler, Emma. | |
| 710 | 2 | _aebrary, Inc. | |
| 856 | 4 | 0 |
_uhttp://site.ebrary.com/lib/rucke/Doc?id=10470256 _zAn electronic book accessible through the World Wide Web; click to view |
| 999 |
_c220931 _d220931 |
||